00389nam a22001217a 4500082002800000100003600028245006200064260003400126300002500160526003700185526003700222650000800259 a297.124bMARcL-31, P-6 aMaulana Mohammad Manzoor Nomani aمعارفُ الحدیثcMaulana Mohammad ManzoorNomani aLahore.bUmar farooq academy. a248 p.bill.c24 cm. a0b0c0d297_124000000000000_MAR a0b0c0d297_124000000000000_MAR aMCE